Score 0/110 Timer 20:00
3 Plays Today
Time Show % Correct
9:09-9:14Friends
79.5%
2:01-2:06The Fresh Prince Of Bel-Air
78.6%
1:46-1:50The Brady Bunch
74.1%
6:50-6:55Cheers
73.5%
5:38-5:44The Addams Family
70.6%
1:04-1:10That '70s Show
66.2%
9:19-9:24Two And A Half Men
66.2%
8:49-8:55Happy Days
64.9%
5:55-5:59Scrubs
64.6%
7:57-8:01Law & Order
62.6%
0:11-0:16How I Met Your Mother
62.5%
3:58-4:04Mission: Impossible
60.9%
2:56-3:01Dawson's Creek
59.7%
3:01-3:07I Dream of Jeannie
55.8%
8:30-8:35The Jeffersons
55.2%
8:59-9:03The Office
54.7%
0:07-0:11The Cosby Show
54.5%
6:04-6:07Sex And The City
53.4%
8:01-8:06The Andy Griffith Show
52.1%
8:45-8:49All In The Family
50.6%
0:16-0:22Laverne & Shirley
49.7%
1:25-1:28The Facts of Life
49.6%
5:29-5:32The A-Team
48.5%
8:06-8:12The Wonder Years
47.8%
3:53-3:58ER
47.4%
2:46-2:51Survivor
41.1%
4:39-4:44Gossip Girl
40.5%
1:50-1:55Buffy The Vampire Slayer
39.5%
0:59-1:04Baywatch
39.4%
0:37-0:43Dexter
39%
6:18-6:22Gilmore Girls
38.9%
3:11-3:16Modern Family
38.6%
4:16-4:22Family Ties
37.7%
5:23-5:29Everybody Loves Raymond
37.4%
3:46-3:53Curb Your Enthusiasm
35.6%
8:12-8:17Rawhide
35.4%
8:25-8:30The Love Boat
35.3%
Time Show % Correct
3:37-3:41NCIS: Naval Criminal Investigative Service
34.6%
7:11-7:14Beverly Hills, 90210
34%
6:28-6:32Dragnet
33.4%
1:42-1:463rd Rock From The Sun
33%
0:47-0:54Charles In Charge
31.7%
1:37-1:42Miami Vice
31.3%
4:56-5:02Who's The Boss?
29.9%
8:55-8:59Leave It To Beaver
29.7%
1:32-1:37Freaks and Geeks
29.3%
6:46-6:50Bones
25.2%
3:30-3:37Perfect Strangers
24.8%
7:52-7:57Night Court
24.5%
7:14-7:20Dynasty
24.5%
2:51-2:56Breaking Bad
23.8%
6:36-6:42The Daily Show
23.8%
6:42-6:46WKRP in Cincinnati
23.5%
2:22-2:28Matlock
23.4%
9:03-9:09The West Wing
22.4%
5:18-5:23Community
21.9%
6:55-7:00Entourage
21.4%
9:14-9:19Monk
21.2%
8:17-8:22Twin Peaks
20.7%
1:10-1:14So You Think You Can Dance
20.2%
5:12-5:18America's Got Talent
19.1%
8:22-8:25The Waltons
18.8%
0:32-0:37St. Elsewhere
18.8%
6:07-6:13Mr. Belvedere
17.9%
0:00-0:07Fraggle Rock
16.9%
2:33-2:38The Wire
16.8%
2:16-2:22Stargate SG-1
16.6%
6:32-6:36MacGyver
16.2%
0:22-0:27Hell's Kitchen
16.1%
5:50-5:55Step By Step
15.9%
1:55-2:01N.Y.P.D. Blue
14.4%
4:22-4:28Fringe
14.3%
2:11-2:16Airwolf
14.3%
5:02-5:07The Rockford Files
13.6%
Time Show % Correct
7:30-7:35Starsky & Hutch
13.5%
4:28-4:33Dinosaurs
13.5%
0:54-0:5921 Jump Street
13.2%
7:26-7:30Heroes
13%
1:14-1:19Ugly Betty
12.6%
8:41-8:45Mork & Mindy
12.4%
4:33-4:39Battlestar Galactica
12.2%
0:43-0:47Lost In Space
11.8%
1:28-1:32Diagnosis Murder
11.2%
7:42-7:46Silver Spoons
11%
3:16-3:23The Adventures of Pete & Pete
10.8%
6:22-6:28Boston Legal
10.5%
7:46-7:52Knots Landing
10.4%
6:13-6:18Hart To Hart
9.1%
2:28-2:33thirtysomething
8.3%
8:35-8:41Head Of The Class
8.2%
1:19-1:25Rome
8.1%
2:06-2:11Pushing Daisies
7.9%
5:07-5:12The Mod Squad
7.5%
4:49-4:56Remington Steele
6.2%
9:24-9:28Tru Calling
5.6%
3:41-3:46Dead Like Me
5.5%
0:27-0:32Due South
5.3%
4:04-4:10T.J. Hooker
5.1%
4:10-4:16Popular
5.1%
5:59-6:04The Streets Of San Francisco
4.5%
7:00-7:07Farscape
4.3%
7:35-7:42Being Erica
4.1%
5:44-5:50Mike Hammer
4%
7:07-7:11Carnivále
4%
3:23-3:30Spenser: For Hire
2.7%
3:07-3:11Murder One
2.5%
2:38-2:46Millennium
2.5%
4:44-4:49Forever Knight
2.4%
7:20-7:26American Gothic
2.3%
5:32-5:38Taken
1.9%

You're not logged in!

Compare scores with friends on all Sporcle quizzes.
OR
Log In

Sporcle TV

Today on Sporcle TV


Watch our educational content, quiz creation guides, and fun videos on Sporcle TV.

Show Comments

Extras

Top Quizzes Today


Score Distribution

Paid Content

Your Account Isn't Verified!

In order to create a playlist on Sporcle, you need to verify the email address you used during registration. Go to your Sporcle Settings to finish the process.

Report this User

Report this user for behavior that violates our Community Guidelines.

Details: